Name All Toho Godzilla Montsers - Statistics

General Stats
  • This quiz has been taken 53 times
  • The average score is 28 of 57
Answer Stats
Showa Era Answer % Correct
Godzilla's imposter 1974 Fake Godzilla
97%
The King of the Monsters Himself 1954 Godzilla
97%
Godzilla's adopted son in the heisei continuity 1993 Godzilla Jr
97%
The goddess of rebirth 1964 Mothra
94%
Spicy large pteranodon 1993 Fire Rodan
88%
The only kaiju in a toho Godzilla movie not owned by toho 1962 King Kong
88%
Giant Pteranodon 1964 Rodan
88%
Godzilla's archrival turned into a cyborg 1991 Mecha King ghidorah
85%
The first kaiju Godzilla fought 1955 Anguirus
82%
The heisei incarnation of Godzilla's doppelganger 1993 Heisei Mechagodzilla
79%
Godzilla's mechanic doppelganger 1974 Mechagodzilla
79%
The upgraded version of the mechanical doppelganger 1975 Mechagodzilla 2
79%
Godzilla's first adopted son 1967 Minilla
79%
The upgraded version of the one above 1993 Super Mechagodzilla
79%
Giant Lobster 1966 Ebirah
73%
Size changing robot that gained a mind of it's own 1973 Jet Jaguar
73%
The size changing robot, with a spear, or not 2021 Jet Jaguar
73%
Cyborg alien murder bird 1972 Gigan
70%
Giant underwater serpent 1968 Manda
70%
First part of its name translates to "Emperor" 2004 Keizer Ghidorah
67%
The evil counterpart to Mothra 1992 Battra
64%
Godzilla's archrival 1964 Ghidorah
64%
Giant pile of sludge and trash 1971 Hedorah
64%
The tallest kaiju to ever appear in a godzilla movie so far 2018 Void Ghidorah
64%
Giant stone dog deity 1974 King Caesar
61%
Big fish dinosaur 1975 Titanosaurus
61%
Plant clone of godzilla containing 1989 Biollante
58%
The protector of Seatopia 1973 Megalon
58%
Giant spider 1967 Kumonga
55%
Giant reptile that can glide like a flying squirrel 1968 Varan
55%
Dog like reptile kaiju that can dig really fast 1968 Baragon
52%
Giant Bird 1966 Giant Condor
52%
A large version of the one above mutated by Godzilla's DNA 2000 Megaguirus
45%
Collection of aliens that wanted to become Godzilla 1999 Orga
42%
Collection of microscopic precambrian crabs that mutated from the weapon that killed the original Gojira 1995 Destoroyah
39%
Minilla's bully (stupid giant pickle) 1969 Gabara
39%
The less powerful form of the one below. 2004 Monster X
36%
Mech modeled from the skeleton of the original Gojira 2002-2003 Kiryu
33%
The non-mutated version of Ghidorah 1991 Dorats
27%
The largest Godzilla to appear on screen 2017-2018 Godzilla Earth
27%
Upgrade of the heisei version of Godzilla's doppelganger 1994 Moguera
24%
Turtle that only appeared in one seen but has grown a large fanbase 1964 Skeleturtle
24%
Large insects brought to the present time from a artificial black hole 2000 Meganulon
21%
Giant praying mantis 1967 Kamacarus
18%
The second stage of Shin Godzilla 2016 Kamata Kun
18%
Giant dinosaur (there are a lot of kaiju that are just giant animals)1968 Gorasaurus
15%
The offspring of the largest Godzilla ever 2017 Godzilla Filius
12%
The adult stage of the one above 2000 Meganula
12%
The third stage of Shin Godzilla 2016 Shinagawa Kun
12%
Name comes from the latin word for Last 2021 Godzilla Ultima
9%
Design took inspiration from the giant pickle 2021 Salunga
3%
Godzilla's clone that was born when one of Godzilla's cells went in a black hole 1994 Spacegodzila
3%
Name comes from the latin word for Amphibian 2021 Godzilla Amphibius
0%
Name comes from the latin word for Water 2021 Godzilla Aquarius
0%
Name comes from the latin word for Terrestrial 2021 Godzilla Terrestrias
0%
The fourth and final stage we actually see in Shin Godzilla 2016 Kamacuras San
0%
Small dragons that are also the offspring of the largest Godzilla ever 2017-2018 Servim
0%
No matching quizzes found
Score Distribution
Percent of People with Each Score
Percentile by Number Answered
Your Score History
You have not taken this quiz